Bochum Districts/Stadtteile - Statistiken

Allgemein
  • Dieses Quiz wurde 96 mal gespielt
  • Das Durchschnittsergebnis liegt bei 13 aus 26
Antworten auf der Karte
Die Antworten werden auf der Karte rot bzw. grün angezeigt, abhängig davon wie oft sie richtig erraten wurden.
 
Antwortstatistiken
Antwort % Korrekt
Mitte
75%
Querenburg
72%
Altenbochum
67%
Dahlhausen
67%
Langendreer
67%
Weitmar
67%
Linden
64%
Stiepel
64%
Gerthe
61%
Laer
61%
Wattenscheid
61%
Eppendorf
58%
Harpen
53%
Riemke
53%
Wiemelhausen
53%
Bergen
50%
Grumme
50%
Hamme
47%
Hofstede
42%
Werne
42%
Hiltrop
39%
Hordel
33%
Günnigfeld
31%
Sevinghausen
31%
Höntrop
25%
Westenfeld
17%
Keine übereinstimmenden Quizze gefunden
Verteilung der Resultate
Anzahl Personen mit jedem Resultat
Perzentil nach korrekt beantworteten Fragen
Ihre Resultats-Entwicklung
Sie haben dieses Quiz noch nicht gespielt